Countries that begin with Two Consonants - Statistics

General Stats
  • This quiz has been taken 1,795 times
  • The average score is 17 of 23
Answer Stats
Starting Letter Answer % Correct
B Brazil
89%
F France
88%
C China
80%
S Sweden
78%
D Djibouti
77%
R Rwanda
77%
C Croatia
76%
C Chile
75%
B Bhutan
74%
S Spain
74%
G Greece
73%
C Chad
72%
G Ghana
72%
S Switzerland
72%
C Czech Republic
71%
S Slovakia
71%
S Slovenia
71%
T Thailand
69%
B Brunei
66%
T Trinidad and Tobago
66%
G Grenada
65%
P Philippines
64%
S Sri Lanka
56%
No matching quizzes found
Score Distribution
Percent of People with Each Score
Percentile by Number Answered
Your Score History
You have not taken this quiz